00878nam a2200205 a 450000100060000000300060000600500170001200800410002903500190007004000350008904100080012408200240013210000320015624502050018826000660039330000750045950000550053460000340058965100490062328098UkOxU20211209051234.0860101s1939 xxuabcf 001 0beng d a(BD-RjUL)28179 aBD-RjULbengcBD-RjULdBD-RjUL aeng a973.7bSAA V-1 19601 aSandburg, Carl,d1878-1967.10aAbraham Lincoln :bthe war years /cby Carl Sandburg. With 414 half-tones of photographs and 249 cuts of cartoons, letters, documentsnVolume 1.pTHE PRAIRIE YEARS and THE WAR YEARS in three volumes. aNew York :bHarcourt, Brace & Company,cc1939 [printed 1960] a319p. :bfronts., illus. (incl. maps) plates, ports., facsims ;c17 cm a"First edition after printing 525 de luxe copies."10aLincoln, Abraham,d1809-1865. 0aUnited StatesxHistoryyCivil War, 1861-1865